000 01433cam a2200349 a 4500
999 _c234401
_d234401
001 2439285
003 Nust
005 20170320124214.0
008 890517s1988 nyu 000 1 eng
010 _a 88045311
020 _a9780708860724
_c$18.95
040 _aDLC
_cDLC
_dDLC
050 0 0 _aPS3568.I265
_bQ44 1988
082 0 0 _a813.54
_bRIC
100 1 _aRice, Anne,
_d1941-
245 1 4 _aThe queen of the damned /
_cAnne Rice.
250 _a1st ed.
260 _aNew York :
_bKnopf :
_bDistributed by Random House,
_c1988.
300 _a573 p. ;
_c24 cm.
490 1 _aVampire chronicles ;
_v3rd bk.
500 _aSequel to: The vampire Lestat.
600 0 0 _aLestat
_c(Vampire),
_d1760-
_vFiction.
650 0 _aVampires
_vFiction.
655 7 _aHorror tales.
_2gsafd
800 1 _aRice, Anne,
_d1941-
_tVampire chronicles ;
_vbk. 3.
856 4 1 _3Sample text
_uhttp://www.loc.gov/catdir/samples/random042/88045311.html
856 4 2 _3Publisher description
_uhttp://www.loc.gov/catdir/description/random045/88045311.html
856 4 2 _3Contributor biographical information
_uhttp://www.loc.gov/catdir/enhancements/fy1007/88045311-b.html
906 _a7
_bcbc
_corignew
_d1
_eocip
_f19
_gy-gencatlg
942 _2ddc
_cBK